01317nam a2200337Ia 4500001001200000003000800012006001900020007001500039008004100054010001700095020001500112040002100127035002000148050002400168082001700192245011700209246003500326260007200361300002400433504005100457533015200508650002300660650002200683650004000705655002900745700002300774700002200797710001700819856012600836999001700962ebr10064284CaPaEBRm u cr cn|||||||||981221s1999 enka sb 001 0 eng d z 98055696  z0521623758 aCaPaEBRcCaPaEBR a(OCoLC)5120261214aRC889b.M335 1999eb04a616.6/9222100aMale fertility & infertilityh[electronic resource] /cedited by Timothy D. Glover and Christopher L.R. Barratt.3 aMale fertility and infertility aCambridge, UK ;aNew York, NY :bCambridge University Press,c1999. axiv, 271 p. :bill. aIncludes bibliographical references and index. aElectronic reproduction.bPalo Alto, Calif. :cebrary,d2009.nAvailable via World Wide Web.nAccess may be limited to ebrary affiliated libraries. 0aInfertility, Male. 0aFertility, Human. 0aGenerative organs, MalexEvolution. 7aElectronic books.2local1 aGlover, Timothy D.1 aBarratt, C. L. R.2 aebrary, Inc.40uhttp://site.ebrary.com/lib/rucke/Doc?id=10064284zAn electronic book accessible through the World Wide Web; click to view c47991d47991